Analýza vybraných vlastností spájok

Gespeichert in:
Bibliographische Detailangaben
1. Verfasser: Lacková, Zuzana, 1980- (Verfasst von)
Format: Manuskript Buch
Sprache:Slowakisch
Veröffentlicht: STU v Bratislave MTF UMAT, 2010
Schlagworte:
Online-Zugang:VAIS
Tags: Tag hinzufügen
Keine Tags, Fügen Sie das erste Tag hinzu!

MARC

LEADER 00000ntm a22000003a 4500
001 stu206140
005 20160719160238.9
008 100702s2010------------------------slo-d
040 |a STU  |b slo 
041 0 |a slo 
100 1 |a Lacková, Zuzana,  |d 1980-  |4 aut  |X 30890  |7 A000030890 
242 0 0 |a Analysis of selected properties of solders  |y eng 
245 1 |a Analýza vybraných vlastností spájok 
260 |b STU v Bratislave MTF UMAT,  |c 2010 
650 7 |a bezolovnaté spájky  |2 stusub 
650 7 |a mikroštruktúra  |2 stusub 
650 7 |a intermetalické fázy  |2 stusub 
650 7 |a microstructure  |2 estusub 
856 4 |a info a plný text  |u http://is.stuba.sk/zp/portal_zp.pl?podrobnosti=75368  |3 VAIS 
996 |c M*DP-9112  |l MMSKP  |s P  |a 0  |w stu206140_0001